000 00690nam a2200253Ia 4500
003 OSt
005 20220918213820.0
006 a|||||r|||| 00| 0
007 ta
008 220917b |||||||| |||| 00| 0 eng d
024 _a134,402
037 _cTextual
040 _aARTS
_cARTS
_beng
041 _2eng
_aeng
082 _aX:75, L8-;1
100 _aMisra R P Ed.
_942949
245 0 _aRegional planning and National development
260 _aNew Delhi
_bVikas
_c1978
300 _axxiii,528p.
_ccm.
650 _aECONOMICS
700 _a Natraj V. K. Ed.
_9128542
942 _hX:75, L8-;1
_cTEXL
_2CC
999 _c257505
_d257505